000 01092nam a2200253 a 4500
999 _c437498
_d437498
003 BLK
005 20250730131329.0
008 181218b bu ||||| |||| 00| 0 bu d
020 _a9786192402167
040 _aBLK
041 _aBUL
_cBUL
080 _aШведска литература
_b821.113.6
_x-93-34
_z821.113.6-93-34
100 _aЛиндгрен, Астрид
_d1907 - 2002
_qЛиндгрен, Астрид Анна Емилия
_9245550
139 _aЛиндгрен, Астрид
_bЛ 63
245 _aПипи. Пипи - най-силното момиче на света
_cАстрид Линдгрен; ил. Ингрид Ванг Нюман; прев. от швед. Стела Джелепова
260 _9209558
_aСофия
_bПАН
_c2020
300 _a56 с.
_bс цв. ил.
_c25 см
380 _aDX
700 _9267019
_aНюман, Ингрид Ванг
_eил.
700 _9381669
_aДжелепова, Стела
_eпрев. от швед.
852 _bД
_c821-93/Л 63 А
942 _cKNG
_n0
_s1
_078
944 _k30564
_lАнна Гръцманова